| 000 | 01052cam a22002895i 4500 | ||
|---|---|---|---|
| 001 | 014163215 | ||
| 003 | EG-ScBUE | ||
| 005 | 20251216095548.0 | ||
| 008 | 060928s1974 enka f b 001 0 eng d | ||
| 040 |
_aEG-ScBUE _beng _erda _cEG-ScBUE _dEG-ScBUE |
||
| 082 | 0 | 4 |
_a548.9 _bHAR _222 |
| 100 | 1 |
_aHartshorne, N. H. _941837 _q(Norman Holt), _eauthor. |
|
| 245 | 1 | 4 |
_aThe microscopy of liquid crystals / _cNorman H. Hartshorne, Ivy Farm, Waldron near Heathfield, E. Sussex, England. |
| 264 | 1 |
_aLondon : _bMicroscope publications Ltd., _c1974. |
|
| 300 |
_axii, 148 pages : _billustrations ; _c22 cm. |
||
| 336 |
_2rdacontent _atext _btxt |
||
| 337 |
_aunmediated _2rdamedia _bn |
||
| 338 |
_avolume _bnc _2rdacarrier |
||
| 490 | 0 |
_aMonographs in microscope series ; _v48 |
|
| 504 | _aIncludes bibliographical references and index. | ||
| 650 | 7 |
_aMicroscope and microscopy. _2BUEsh |
|
| 650 | 7 |
_aCrystal optics. _2BUEsh |
|
| 650 | 7 |
_aLiquid crystals. _2BUEsh _94312 |
|
| 653 |
_bHHUUEENN _bENGCHE _cOctober2018 |
||
| 655 | _vReading book | ||
| 942 |
_2ddc _cBB |
||
| 999 |
_c26900 _d26872 |
||